ბათუმის შოთა რუსთაველის სახელმწიფო უნივერსიტეტის ბიბლიოთეკა

გამონათლევი.I სამეცნიერო და მხატვრულ პუბლიცისტური წერილების კრებული. (ბიბ.ჩანაწერი № 45453)

000 -LEADER
fixed length control field 01401nam a2200229Ia 4500
001 - CONTROL NUMBER
control field 12277
003 - CONTROL NUMBER IDENTIFIER
control field GE_BSU
008 - FIXED-LENGTH DATA ELEMENTS--GENERAL INFORMATION
fixed length control field 181216s||||||||xx |||||||||||||| ||und||
020 ## - INTERNATIONAL STANDARD BOOK NUMBER
International Standard Book Number 9789941434785
040 ## - CATALOGING SOURCE
Transcribing agency GE_BSU
080 ## - UNIVERSAL DECIMAL CLASSIFICATION NUMBER
Universal Decimal Classification number 821.353.1-92+821.353.1-6
245 ## - TITLE STATEMENT
Title გამონათლევი.I სამეცნიერო და მხატვრულ პუბლიცისტური წერილების კრებული.
245 ## - TITLE STATEMENT
Statement of responsibility, etc. მთ.რედ:ალიოშა ბაკურიძე.
260 ## - PUBLICATION, DISTRIBUTION, ETC.
Place of publication, distribution, etc. ბათუმი.
260 ## - PUBLICATION, DISTRIBUTION, ETC.
Name of publisher, distributor, etc. ბათუმის შოთა რუსთაველის სახ. უნ-ტი.
260 ## - PUBLICATION, DISTRIBUTION, ETC.
Date of publication, distribution, etc. 2014
300 ## - PHYSICAL DESCRIPTION
Extent 623გვ;30სმ.
520 ## - SUMMARY, ETC.
Summary, etc. კრებული ეძღვნება სრულიად საქ-ოს კათოლიკოს-პატრიარქის,უწმინდესის და უნეტარესის ილია მეორის დაბადებიდან 80 და აჭარის დედასამშობლოსთან დაბრუნების 135 წლისთავს.
653 ## - INDEX TERM--UNCONTROLLED
Uncontrolled term გამონათლევი.I სამეცნიერო და მხატვრულ პუბლიცისტური წერილების კრებული.
942 ## - ADDED ENTRY ELEMENTS (KOHA)
Koha item type წიგნი

არაა ხელმისაწვდომი ეგზემპლარები.